| 000 | 02041nam a22003494a 4500 | ||
|---|---|---|---|
| 001 | 422 | ||
| 003 | OSt | ||
| 005 | 20250528074020.0 | ||
| 008 | 230927b bl ||||| |||| 00| 0 por d | ||
| 020 | _a9788598078441 | ||
| 040 | _bpor | ||
| 041 | 1 |
_apor _heng |
|
| 082 |
_aIJ 028.5 _bR585m |
||
| 100 | 1 |
_aRiordan, Rick, _d1964- _9745 |
|
| 240 | 0 | 4 | _aThe sea of monsters. |
| 245 | 1 | 2 |
_aO mar de monstros / _cRiordan, Rick ; tradução de Ricardo Gouveia. - |
| 260 |
_aRio de Janeiro : _bIntrínseca, _c2009. |
||
| 300 | _a286p. ; | ||
| 490 | 1 |
_a(Percy Jackson & os olimpianos ; _v2) |
|
| 500 | _aTradução de: The sea of monsters. | ||
| 520 | _aO Mar de Monstros é o segundo volume da série Percy Jackson e os olimpianos, best-seller do The New York Times. Nessa nova aventura, Percy e seus amigos estão em busca do Velocino de Ouro, único artefato mágico capaz de proteger da destruição seu lugar predileto e, até então, o mais seguro do mundo: o Acampamento Meio-Sangue. Com o envenenamento da árvore de Thalia por um inimigo misterioso, as fronteiras mágicas que protegem o Acampamento estão ameaçadas, e é preciso buscar o antídoto. Assim, nossos heróis partem em uma arriscada e incrível viagem pelo Mar de Monstros, localizado nas coordenadas 30-31-75-12: uma referência ao Triângulo das Bermudas. Lá, enfrentam seres fantásticos e muitos perigos e situações inusitadas, que põem à prova seu heroísmo e sua herança – quando Percy irá questionar se ser filho de Poseidon é uma honra ou uma terrível maldição. Combinando fatos contemporâneos com mitologia, fantasia com erudição, O Mar de Monstros diverte, encanta e ensina pais e filh | ||
| 650 | 0 | 0 |
_aLiteratura Americana _984 |
| 650 | 0 | 0 |
_aInfantojuvenil _9200 |
| 650 | 0 | 0 |
_aLendas _9611 |
| 650 | 0 | 0 |
_aMitologia grega. _9610 |
| 650 | 0 | 0 | _aLiteratura fantástica. |
| 655 | 0 |
_aRomance _923 |
|
| 655 | 0 |
_aFicção _922 |
|
| 700 |
_aGouveia, Ricardo, _d1942- _9899 |
||
| 830 |
_aPercy Jackson e Os olimpianos _vvol. 02 _9910 |
||
| 942 |
_2ddc _cBK |
||
| 999 |
_c422 _d422 |
||